LIBRARY & INFORMATION CENTRE, KCAET, TAVANUR

ONLINE PUBLIC ACCESS CATALOGUE (OPAC)

Unit Operations of Agricultural Processing (Record no. 15641)

MARC details
000 -LEADER
fixed length control field 00450cam a2200169ua 4500
003 - CONTROL NUMBER IDENTIFIER
control field OSt
008 - FIXED-LENGTH DATA ELEMENTS--GENERAL INFORMATION
fixed length control field 190522b ||||| |||| 00| 0 eng d
020 ## - INTERNATIONAL STANDARD BOOK NUMBER
ISBN 9788125911425
082 ## - DEWEY DECIMAL CLASSIFICATION NUMBER
Classification number 660.284
Item number SAH/UN
100 ## - MAIN ENTRY--AUTHOR NAME
Personal name Sahay, K M .
245 ## - TITLE STATEMENT
Title Unit Operations of Agricultural Processing
250 ## - EDITION STATEMENT
Edition statement 2nd Re.ed.
260 ## - PUBLICATION, DISTRIBUTION, ETC. (IMPRINT)
Place of publication :
Name of publisher Vikas Publishing House Pvt Ltd ,
Year of publication 2001.
300 ## - PHYSICAL DESCRIPTION
Number of Pages 374 p.
700 1# - ADDED ENTRY--PERSONAL NAME
Personal name Singh, K. K .
942 ## - ADDED ENTRY ELEMENTS (KOHA)
Koha item type Books
Holdings
Withdrawn status Lost status Damaged status Collection code Home library Current library Shelving location Date acquired Cost, normal purchase price Full call number Accession Number Koha item type
      Non-fiction KAUAET KAUAET General Stacks 22/05/2019 525.00 660.284 SAH/UN 25848 Books
      Non-fiction KAUAET KAUAET General Stacks 22/05/2019 525.00 660.284 SAH/UN 25849 Books
      Non-fiction KAUAET KAUAET General Stacks 22/05/2019 525.00 660.284 SAH/UN 25850 Books
      Non-fiction KAUAET KAUAET General Stacks 22/05/2019 525.00 660.284 SAH/UN 25851 Books
      Non-fiction KAUAET KAUAET General Stacks 22/05/2019 525.00 660.284 SAH/UN 25852 Books
      Non-fiction KAUAET KAUAET Scheme 31/05/2019 525.00 660.284 SAH/UN BB 501 Book Bank scheme for SC students
      Non-fiction KAUAET KAUAET Scheme 31/05/2019 525.00 660.284 SAH/UN BB 502 Book Bank scheme for SC students
free website counter